| 000 | 00670nam a22002057a 4500 | ||
|---|---|---|---|
| 008 | 241206b ||||| |||| 00| 0 spa d | ||
| 020 | _a978-950-49-2549-1 | ||
| 040 |
_aAR-FvUNAJ _dAR-FvUNAJ _eaacr2 |
||
| 082 | 1 | 4 |
_214 _a324.2 |
| 100 | 1 |
_98822 _aFeinmann, José Pablo _d1943- |
|
| 245 | 1 | 3 |
_aEl flaco : _bdiálogo irreverentes con Néstor Kirchner. / _cJosé Pablo Feinmann |
| 250 | _a4a.ed. | ||
| 260 |
_aBuenos Aires : _bPlaneta, _c2011. |
||
| 300 | _a320 p. | ||
| 600 | 1 | 0 |
_91489 _aKIRCHNER, NÉSTOR CARLOS _d(1950-2010) |
| 650 | 0 |
_2unescot _9548 _aPOLITICA |
|
| 651 | 0 |
_9326 _aARGENTINA |
|
| 942 |
_2ddc _cLIBRO |
||
| 980 |
_62 _aVirginia Figueroa _82 _gVirginia Figueroa |
||
| 999 |
_c10582 _d10582 |
||